Famous Jersey People Quiz Stats

 Plays Quiz not verified by Sporcle

Score 0/46 Timer 16:00
0 Plays Today
Profession Person % Correct
MusicianJon Bongiovi
82.4%
AstronautEdwin Aldrin
74.5%
MusicianBruce Springsteen
70.6%
Musicians/GroupJonas Brothers
68.6%
InventorThomas Edison
66.7%
Basketball PlayerShaquille O'Neal
66.7%
Musician/ActorFrank Sinatra
66.7%
Actress/MusicianWhitney Houston
62.7%
Actress/Talk Show HostKelly Ripa
58.8%
Retired Basketball PlayerDennis Rodman
58.8%
Lifestye Guide/EntrepreneurMartha Stewart
58.8%
ActorMichael Douglas
52.9%
Football PlayerJoe Flacco
52.9%
ActorZach Braff
51%
Comedian/ActorLou Costello
51%
ActorFrankie Muniz
51%
Football Coach/ExecutiveBill Parcells
51%
Football PlayerMiles Austin
49%
Actor/ComedianDanny DeVito
49%
ActorJames Gandolfini
49%
ActressMeyrl Streep
49%
Actress/SingerQueen Latifah
41.2%
Retired Baseball PlayerAl Leiter
37.3%
Profession Person % Correct
ActorJoe Pesci
35.3%
ActorRay Liotta
33.3%
MusicianFrankie Valli
33.3%
Football CoachCharlie Weis
33.3%
Jazz Pianist/Band LeaderCount Basie
31.4%
Football PlayerDonald Brown
31.4%
Basketball PlayerMike Bibby
29.4%
Basketball PlayerAndrew Bynum
29.4%
Voice ActorJohn DiMaggio
29.4%
Football PlayerGreg Olsen
29.4%
Football PlayerBrian Cushing
27.5%
Football PlayerShaun O'Hara
27.5%
Football PlayerGary Brackett
21.6%
ActressJane Krakowski
19.6%
PoetAllen Ginsberg
17.6%
MusicianAdam 'Ad-Rock' Horowitz
11.8%
ActorDule Hill
9.8%
ActressAli Larter
9.8%
US Supreme Court JusticeWilliam J Brennan
3.9%
Sports WriterTom Verducci
3.9%
MusicianGerald Way
3.9%
ActressValarie Cruz
0%
Baseball PlayerScott Schoenewis
0%

You're not logged in!

Compare scores with friends on all Sporcle quizzes.
OR
Log In

Show Comments

Extras

Top Quizzes Today


Score Distribution

Your Account Isn't Verified!

In order to create a playlist on Sporcle, you need to verify the email address you used during registration. Go to your Sporcle Settings to finish the process.

Report this User

Report this user for behavior that violates our Community Guidelines.

Details: